000
00241nam a2200109Ia 4500
005
20251222141857.0
008
251222s9999||||xx |||||||||||||| ||spa||
082
_a
382/C28
245
0
_a
Código de Comercio
264
_b
El Carmen
942
_c
LIB
999
_c
7930
_d
7930